[Event "ESP-ch Seniors"]
[Site "Mallorca"]
[Date "2004.10.14"]
[Round "3"]
[White "Pons Boscana, Gabriel"]
[Black "Pla Ferreres, Ismael"]
[Result "1-0"]
[WhiteElo "2253"]
[BlackElo "1998"]
[PlyCount "59"]
[EventDate "2004.10.12"]
[EventType "swiss"]
[EventRounds "9"]
[EventCountry "ESP"]
[SourceTitle "EXT 2005"]
[Source "ChessBase"]
[SourceDate "2004.11.15"]
[SourceVersion "1"]
[SourceVersionDate "2004.11.15"]
[SourceQuality "1"]

1. e4 c5 2. Nf3 Nc6 3. d4 cxd4 4. Nxd4 d6 5. Be2 Nf6 6. Nc3 g6 7. Be3 Bg7 8. Qd2 0-0 9. 0-0 a6 10. Rad1 Bd7 11. f4 Ng4 12. Nxc6 bxc6 13. Bd4 Bxd4+ 14. Qxd4 c5 15. Qd2 Ra7 16. h3 Nf6 17. e5 Ne8 18. Bc4 Bc6 19. f5 Qb8 20. fxg6 hxg6 21. Qg5 Ng7 22. exd6 exd6 23. Qxg6 Qxb2 24. Qd3 Qb7 25. Nd5 Bxd5 26. Bxd5 Qb6 27. Kh1 Rd7 28. Rf6 Qb2 29. Rh6 Nf5 30. Qxf5 1-0

[Event "Binissalem op 17th"]
[Site "Binissalem"]
[Date "2004.10.05"]
[Round "5"]
[White "Souleidis, Georgios"]
[Black "Pons Boscana, Gabriel"]
[Result "1-0"]
[WhiteElo "2401"]
[BlackElo "2247"]
[PlyCount "43"]
[EventDate "2004.10.02"]
[EventType "swiss"]
[EventRounds "9"]
[EventCountry "ESP"]
[SourceTitle "EXT 2006"]
[Source "ChessBase"]
[SourceDate "2005.11.24"]
[SourceVersion "1"]
[SourceVersionDate "2005.11.24"]
[SourceQuality "1"]

1. e4 e5 2. d4 exd4 3. Qxd4 Nc6 4. Qe3 Nf6 5. Nc3 Bb4 6. Bd2 0-0 7. 0-0-0 Re8 8. Qg3 Nxe4 9. Nxe4 Rxe4 10. c3 Bd6 11. f4 Qf6 12. Nh3 a5 13. Bd3 Re8 14. Ng5 h6 15. Ne4 Qd8 16. Nxd6 cxd6 17. Bc2 Qf6 18. Qd3 g6 19. h4 b5 20. h5 Kg7 21. hxg6 fxg6 22. g4 1-0

[Event "Binissalem op 17th"]
[Site "Binissalem"]
[Date "2004.10.03"]
[Round "2"]
[White "Pons Boscana, Gabriel"]
[Black "Mellado Trivino, Juan"]
[Result "1-0"]
[WhiteElo "2247"]
[BlackElo "2430"]
[PlyCount "67"]
[EventDate "2004.10.02"]
[EventType "swiss"]
[EventRounds "9"]
[EventCountry "ESP"]
[SourceTitle "EXT 2006"]
[Source "ChessBase"]
[SourceDate "2005.11.24"]
[SourceVersion "1"]
[SourceVersionDate "2005.11.24"]
[SourceQuality "1"]

1. e4 d5 2. exd5 Qxd5 3. Nc3 Qa5 4. d4 Nf6 5. Nf3 Bg4 6. h3 Bh5 7. g4 Bg6 8. Ne5 e6 9. Bg2 c6 10. 0-0 Nbd7 11. Nxg6 hxg6 12. Be3 Bd6 13. g5 Nh5 14. Ne4 Bc7 15. b4 Qf5 16. Ng3 Qb5 17. Qf3 Nb6 18. Rfb1 Qd5 19. Nxh5 gxh5 20. a4 Qxf3 21. Bxf3 0-0-0 22. b5 e5 23. bxc6 bxc6 24. dxe5 Bxe5 25. Ra3 Nc4 26. Rab3 Nd2 27. Bxd2 Rxd2 28. Rb7 Rhd8 29. Bxh5 R8d4 30. Rxa7 Rf4 31. Bg4+ Rxg4+ 32. hxg4 Rxc2 33. Rxf7 Rc4 34. Re1 1-0

[Event "Binissalem op 15th"]
[Site "Binissalem"]
[Date "2002.??.??"]
[Round "3"]
[White "Pons Boscana, Gabriel"]
[Black "Diez Fraile, Mariano"]
[Result "1-0"]
[WhiteElo "2241"]
[BlackElo "2211"]
[PlyCount "59"]
[EventDate "2002.09.??"]
[EventType "swiss"]
[EventRounds "9"]
[EventCountry "ESP"]
[SourceTitle "EXT 2003"]
[Source "ChessBase"]
[SourceDate "2002.11.25"]
[SourceVersion "1"]
[SourceVersionDate "2002.11.25"]
[SourceQuality "1"]

1. e4 c5 2. Nc3 d6 3. Nf3 Nf6 4. d4 cxd4 5. Qxd4 Nc6 6. Qd3 g6 7. Be2 Bg7 8. Nd5 0-0 9. 0-0 Bg4 10. c3 Nd7 11. Bg5 Re8 12. Rfd1 Nde5 13. Nxe5 Nxe5 14. Qe3 Bxe2 15. Qxe2 Rc8 16. Qb5 b6 17. f4 Nd7 18. e5 Rc5 19. Qd3 h6 20. Nxe7+ Rxe7 21. Bxe7 Qxe7 22. Qxd6 Qxd6 23. Rxd6 Nf8 24. g3 g5 25. Kf2 Ne6 26. Ke3 Rc4 27. f5 Bxe5 28. Rd5 Rc5 29. fxe6 Rxd5 30. e7 1-0

[Event "Mallorca-ch 0102 Preferente"]
[Site "Palma de Mallorca"]
[Date "2001.12.01"]
[Round "6"]
[White "Pons Boscana, Gabriel"]
[Black "Oneto Zarco, Jose"]
[Result "1-0"]
[WhiteElo "2162"]
[BlackElo "2119"]
[PlyCount "63"]
[EventDate "2001.10.06"]
[EventType "swiss"]
[EventRounds "7"]
[EventCountry "ESP"]
[SourceTitle "EXT 2003"]
[Source "ChessBase"]
[SourceDate "2002.11.25"]
[SourceVersion "1"]
[SourceVersionDate "2002.11.25"]
[SourceQuality "1"]

1. d4 d5 2. Bf4 Nf6 3. e3 Bg4 4. Qd3 Nc6 5. Qb3 Rb8 6. Nd2 e6 7. Bd3 Bd6 8. Bxd6 Qxd6 9. h3 Bh5 10. g4 Bg6 11. g5 Nd7 12. Bxg6 hxg6 13. 0-0-0 b5 14. Ngf3 a5 15. Kb1 a4 16. Qd3 Na5 17. Ka1 Nc4 18. h4 Ndb6 19. Rc1 b4 20. e4 c6 21. Rce1 Na5 22. exd5 cxd5 23. Qb5+ Qc6 24. Qxa5 Nd7 25. c4 dxc4 26. d5 Qc8 27. dxe6 fxe6 28. Rxe6+ Kf7 29. Qd5 Kf8 30. Nxc4 a3 31. Nd6 Qc2 32. Re8+ 1-0

[Event "Mallorca-ch 0102 Preferente"]
[Site "Palma de Mallorca"]
[Date "2001.11.10"]
[Round "5"]
[White "Barcelo Pujadas, Pedro Jose"]
[Black "Pons Boscana, Gabriel"]
[Result "0-1"]
[WhiteElo "2287"]
[BlackElo "2162"]
[PlyCount "58"]
[EventDate "2001.10.06"]
[EventType "swiss"]
[EventRounds "7"]
[EventCountry "ESP"]
[SourceTitle "EXT 2003"]
[Source "ChessBase"]
[SourceDate "2002.11.25"]
[SourceVersion "1"]
[SourceVersionDate "2002.11.25"]
[SourceQuality "1"]

1. Nf3 Nf6 2. c4 e6 3. g3 d5 4. Bg2 d4 5. e3 d3 6. b4 Bxb4 7. Qa4+ Nc6 8. Ne5 Rb8 9. Nxc6 bxc6 10. 0-0 Rb6 11. Bxc6+ Nd7 12. Ba3 Bxa3 13. Nxa3 Ra6 14. Bxd7+ Qxd7 15. Qxd7+ Kxd7 16. Nb5 Ra4 17. Rfc1 a6 18. Nd4 e5 19. Nb3 Kc6 20. e4 Be6 21. Rc3 Re8 22. f3 Kb6 23. c5+ Kc6 24. Kf2 f5 25. exf5 Bxf5 26. Ke3 Rf8 27. Nc1 e4 28. g4 Bxg4 29. f4 g5 0-1

[Event "Mallorca-chT Preferente"]
[Site "Palma de Mallorca"]
[Date "2001.04.07"]
[Round "14.2"]
[White "Barcelo Pujadas, Pedro Jose"]
[Black "Pons Boscana, Gabriel"]
[Result "1-0"]
[WhiteElo "2314"]
[BlackElo "2177"]
[PlyCount "82"]
[EventDate "2001.01.13"]
[EventType "team"]
[EventRounds "14"]
[EventCountry "ESP"]
[SourceTitle "EXT 2002"]
[Source "ChessBase"]
[SourceDate "2001.11.25"]
[SourceVersion "1"]
[SourceVersionDate "2001.11.25"]
[SourceQuality "1"]

1. Nf3 Nf6 2. c4 e6 3. Nc3 d5 4. d4 Be7 5. g3 dxc4 6. Bg2 Qd6 7. 0-0 0-0 8. e4 Qb4 9. Bd2 Nc6 10. e5 Nd7 11. Qc2 Qb6 12. Be3 Nb4 13. Qe2 Qa6 14. Bg5 Bxg5 15. Nxg5 c5 16. d5 exd5 17. Nxd5 Nxd5 18. Bxd5 Qg6 19. f4 Nb6 20. Be4 Bf5 21. Rad1 Rad8 22. Bxf5 Qxf5 23. e6 Rxd1 24. exf7+ Rxf7 25. Rxd1 Rf8 26. Qe7 h6 27. Ne6 Rf7 28. Rd8+ Kh7 29. Qe8 Qb1+ 30. Kg2 Qxb2+ 31. Kh3 Qf6 32. Nf8+ Rxf8 33. Qxf8 Qxf8 34. Rxf8 c3 35. Re8 Nd5 36. Re1 b5 37. Kg2 b4 38. Kf3 c4 39. Ke4 c2 40. Kd4 Nc3 41. a3 Nd1 1-0

[Event "Mallorca-chT Preferente"]
[Site "Palma de Mallorca"]
[Date "2001.02.03"]
[Round "4.2"]
[White "Martin Molinero, Raul"]
[Black "Pons Boscana, Gabriel"]
[Result "0-1"]
[WhiteElo "2223"]
[BlackElo "2177"]
[PlyCount "64"]
[EventDate "2001.01.13"]
[EventType "team"]
[EventRounds "14"]
[EventCountry "ESP"]
[SourceTitle "EXT 2002"]
[Source "ChessBase"]
[SourceDate "2001.11.25"]
[SourceVersion "1"]
[SourceVersionDate "2001.11.25"]
[SourceQuality "1"]

1. c4 e5 2. Nc3 Nf6 3. Nf3 Nc6 4. g3 d5 5. cxd5 Nxd5 6. Bg2 Nxc3 7. bxc3 e4 8. Ng1 f5 9. d3 Qf6 10. Qc2 Nb4 11. Qb2 Nd5 12. Bd2 Qe5 13. d4 Qe6 14. c4 Nb6 15. d5 Qd7 16. Rc1 c6 17. Nh3 cxd5 18. cxd5 Qxd5 19. Nf4 Qf7 20. 0-0 Bd6 21. Bb4 Bxf4 22. gxf4 Be6 23. Qe5 Nd5 24. Ba3 Rd8 25. f3 e3 26. Qd4 a6 27. Rfd1 Qf6 28. Qc5 Kf7 29. Qa7 Nxf4 30. Qxb7+ Kg6 31. Bb2 Nxe2+ 32. Kf1 Qh4 0-1

[Event "Mallorca-chT Preferente"]
[Site "Palma de Mallorca"]
[Date "2001.01.20"]
[Round "2.2"]
[White "Cisneros Alomar, Javier"]
[Black "Pons Boscana, Gabriel"]
[Result "0-1"]
[WhiteElo "2213"]
[BlackElo "2177"]
[PlyCount "62"]
[EventDate "2001.01.13"]
[EventType "team"]
[EventRounds "14"]
[EventCountry "ESP"]
[SourceTitle "EXT 2002"]
[Source "ChessBase"]
[SourceDate "2001.11.25"]
[SourceVersion "1"]
[SourceVersionDate "2001.11.25"]
[SourceQuality "1"]

1. d4 d5 2. c4 dxc4 3. e4 e5 4. Nf3 exd4 5. Qxd4 Qxd4 6. Nxd4 Nf6 7. f3 Bc5 8. Nb5 Na6 9. Bxc4 c6 10. N5c3 b5 11. Bb3 0-0 12. Bg5 Bd4 13. Nd2 Nc5 14. Bc2 Ne6 15. Bh4 Nf4 16. g3 Ng2+ 17. Ke2 Nxh4 18. gxh4 Nh5 19. Nb3 Nf4+ 20. Kd2 Bb6 21. Rad1 Bh3 22. Rhe1 Bf2 23. Kc1 Bxe1 24. Rxe1 Be6 25. Nd4 b4 26. Na4 Bxa2 27. b3 c5 28. Nxc5 Rac8 29. Kb2 Rfd8 30. Ne2 Ng2 31. Nd3 Rxd3 0-1

[Event "Mallorca-chT Preferente"]
[Site "Palma de Mallorca"]
[Date "2001.01.13"]
[Round "1.2"]
[White "Bellon Lopez, Jose Maria"]
[Black "Pons Boscana, Gabriel"]
[Result "1/2-1/2"]
[WhiteElo "2104"]
[BlackElo "2177"]
[PlyCount "117"]
[EventDate "2001.01.13"]
[EventType "team"]
[EventRounds "14"]
[EventCountry "ESP"]
[SourceTitle "EXT 2002"]
[Source "ChessBase"]
[SourceDate "2001.11.25"]
[SourceVersion "1"]
[SourceVersionDate "2001.11.25"]
[SourceQuality "1"]

1. d4 d5 2. Bg5 Bf5 3. e3 Nf6 4. Bxf6 gxf6 5. Bd3 Qd7 6. Nf3 h5 7. Nh4 Bxd3 8. Qxd3 e5 9. Qf5 Qxf5 10. Nxf5 Nc6 11. c3 Rg8 12. g3 e4 13. Nd2 Ne7 14. Nxe7 Bxe7 15. h4 a5 16. a3 Ra6 17. c4 c6 18. Rc1 Kd7 19. Ke2 a4 20. Rc2 Rb8 21. Rhc1 b5 22. cxd5 cxd5 23. Rc7+ Ke6 24. R7c6+ Rxc6 25. Rxc6+ Kd7 26. Ra6 Kc7 27. Ra7+ Rb7 28. Rxb7+ Kxb7 29. Nb1 b4 30. Kd2 Kc6 31. g4 bxa3 32. bxa3 hxg4 33. h5 Bf8 34. Nc3 Bxa3 35. h6 Bf8 36. h7 Bg7 37. Nxa4 Kd6 38. Nc3 Ke6 39. Ke1 f5 40. Ne2 Kf6 41. Nf4 Bh8 42. Nxd5+ Kg7 43. Ne7 Kxh7 44. Nxf5 Kg6 45. Ng3 f5 46. Kd2 Kf6 47. Kc3 Ke6 48. Kc4 Bf6 49. Kc5 Be7+ 50. Kc6 Bb4 51. d5+ Ke5 52. Ne2 Be1 53. d6 Bxf2 54. Nf4 Bxe3 55. d7 Kxf4 56. d8Q g3 57. Qh4+ Kf3 58. Qh5+ Kf4 59. Qh4+ 1/2-1/2

[Event "Mallorca-ch pref"]
[Site "Palma de Mallorca"]
[Date "2000.11.25"]
[Round "6"]
[White "Planas, Juan"]
[Black "Pons Boscana, Gabriel"]
[Result "1-0"]
[WhiteElo "2230"]
[BlackElo "2187"]
[PlyCount "33"]
[EventDate "2000.??.??"]
[EventType "swiss"]
[EventRounds "8"]
[EventCountry "ESP"]
[SourceTitle "EXT 2003"]
[Source "ChessBase"]
[SourceDate "2002.11.25"]
[SourceVersion "1"]
[SourceVersionDate "2002.11.25"]
[SourceQuality "1"]

1. d4 d5 2. c4 dxc4 3. Nf3 c6 4. e3 b5 5. a4 Bb7 6. b3 cxb3 7. axb5 e6 8. Qxb3 Bd6 9. Nbd2 Ne7 10. Nc4 Bc7 11. Nce5 0-0 12. Bd3 Bb6 13. Ng5 Qd5 14. Bxh7+ Kh8 15. Qd1 g6 16. Ba3 c5 17. e4 1-0

[Event "Mallorca-ch pref"]
[Site "Palma de Mallorca"]
[Date "2000.11.11"]
[Round "4"]
[White "Pons Boscana, Gabriel"]
[Black "Oneto Zarco, Jose"]
[Result "0-1"]
[WhiteElo "2187"]
[BlackElo "2126"]
[PlyCount "76"]
[EventDate "2000.??.??"]
[EventType "swiss"]
[EventRounds "8"]
[EventCountry "ESP"]
[SourceTitle "EXT 2003"]
[Source "ChessBase"]
[SourceDate "2002.11.25"]
[SourceVersion "1"]
[SourceVersionDate "2002.11.25"]
[SourceQuality "1"]

1. e4 c6 2. Nf3 d5 3. e5 Bg4 4. d4 e6 5. c3 Qb6 6. Be2 Ne7 7. Nbd2 Nf5 8. h3 Bxf3 9. Nxf3 c5 10. dxc5 Bxc5 11. Rf1 h5 12. Bd2 Nc6 13. Qc2 0-0-0 14. Bd3 g6 15. Bg5 Rd7 16. Bf6 Rg8 17. g4 hxg4 18. hxg4 Nh6 19. Rg1 Re8 20. Bg5 Ng8 21. Rh1 d4 22. b4 Be7 23. Bxe7 Ngxe7 24. b5 Na5 25. cxd4+ Kb8 26. Rc1 Rc8 27. Qb2 Rdc7 28. Ke2 Nd5 29. a4 Nc3+ 30. Kd2 Nc4+ 31. Bxc4 Rxc4 32. Kd3 Nxa4 33. Qb1 Rxc1 34. Rxc1 Rxc1 35. Qxc1 Qxb5+ 36. Ke3 Qb3+ 37. Kf4 Nc3 38. Kg3 Ne2+ 0-1

[Event "Mallorca-ch pref"]
[Site "Palma de Mallorca"]
[Date "2000.10.28"]
[Round "2"]
[White "Pons Boscana, Gabriel"]
[Black "Munar Rossello, Pedro"]
[Result "1-0"]
[WhiteElo "2187"]
[BlackElo "2034"]
[PlyCount "117"]
[EventDate "2000.??.??"]
[EventType "swiss"]
[EventRounds "8"]
[EventCountry "ESP"]
[SourceTitle "EXT 2003"]
[Source "ChessBase"]
[SourceDate "2002.11.25"]
[SourceVersion "1"]
[SourceVersionDate "2002.11.25"]
[SourceQuality "1"]

1. d4 Nf6 2. c4 c5 3. Nf3 cxd4 4. Nxd4 g6 5. Nc3 Bg7 6. e4 0-0 7. Be3 d6 8. Be2 Nc6 9. 0-0 Nxd4 10. Bxd4 Be6 11. b3 Qa5 12. Qd3 Rfc8 13. Nd5 Nxd5 14. exd5 Bf5 15. Qe3 Bxd4 16. Qxd4 b5 17. g4 Bd7 18. f4 Rab8 19. f5 bxc4 20. Bxc4 Qb6 21. Qxb6 axb6 22. a4 gxf5 23. gxf5 Kg7 24. Rf4 Kf6 25. Raf1 Rg8+ 26. Kf2 Rg5 27. Ke3 Rbg8 28. Bd3 Rg2 29. Rb4 Rxh2 30. Rxb6 Rg3+ 31. Rf3 Rxf3+ 32. Kxf3 Ra2 33. Kf4 Rd2 34. Ke3 Rh2 35. a5 Ke5 36. Rb7 Bxf5 37. Bxf5 Kxf5 38. Rxe7 Rh3+ 39. Kd4 Rxb3 40. Rxf7+ Kg6 41. Rd7 h5 42. Rxd6+ Kf5 43. Kc4 Rb1 44. a6 Ra1 45. Kb5 h4 46. Rh6 Ke5 47. d6 Rb1+ 48. Kc6 Ra1 49. Kb7 Rb1+ 50. Ka8 Rd1 51. a7 h3 52. Kb8 Rb1+ 53. Kc8 Rc1+ 54. Kb7 Rb1+ 55. Kc6 Rc1+ 56. Kd7 Ra1 57. Ke8 Ra6 58. Rxh3 Rxa7 59. d7 1-0